00701nam a2200217Ia 4500008004100000020001800041050001600059100002000075245002900095245007900124245006100203260001500264260001600279260000900295300001600304300002000320300001000340500000800350999001900358952010600377170918s9999 xx 000 0 und d a9780439701679 bD545ta 2003 aDiCamillo, Kate 4aThe tale of despereaux : bbeing the story od a mouse, a princess, some soup, and a spool of thread / cby Kate DiCamillo ; Illustrated by Timothy Basil Ering. aNew York : bScholastic, c2003 a267 pages : billustrations ; c19cm. a670 c344178d344178 001040aSSISMbSSISMd2017-09-18l0oFIC D545ta 2003pSSISM3250r2017-09-18 00:00:00w2017-09-18yBK